[Event "Blankenese op 3rd"]
[Site "Hamburg"]
[Date "2019.10.04"]
[Round "4"]
[White "Kotyk, Michael"]
[Black "Reddmann, Hauke"]
[Result "1-0"]
[WhiteElo "2065"]
[BlackElo "2178"]
[PlyCount "43"]
[EventDate "2019.10.03"]
[EventType "swiss"]
[EventRounds "7"]
[EventCountry "GER"]
[SourceTitle "EXT 2023"]
[Source "ChessBase"]
[SourceDate "2022.10.05"]
[SourceVersion "1"]
[SourceVersionDate "2022.10.05"]
[SourceQuality "1"]

1. Nf3 d5 2. d4 c6 3. c4 Nf6 4. cxd5 cxd5 5. Nc3 Nc6 6. Bf4 Qb6 7. Rc1 Bf5 8. Na4 Qa5+ 9. Bd2 Qc7 10. e3 Bd7 11. Qb3 e6 12. Nc5 Bxc5 13. Rxc5 Ne4 14. Rc2 Nxd2 15. Nxd2 0-0 16. Bd3 Rab8 17. 0-0 Qd6 18. Rfc1 Rfc8 19. a3 Na5 20. Rxc8+ Rxc8 21. Rxc8+ Bxc8 22. Qc2 1-0

[Event "Blankenese op 3rd"]
[Site "Hamburg"]
[Date "2019.10.03"]
[Round "1"]
[White "Reddmann, Hauke"]
[Black "Floren, Dieter"]
[Result "1-0"]
[WhiteElo "2178"]
[BlackElo "1601"]
[PlyCount "55"]
[EventDate "2019.10.03"]
[EventType "swiss"]
[EventRounds "7"]
[EventCountry "GER"]
[SourceTitle "EXT 2023"]
[Source "ChessBase"]
[SourceDate "2022.10.05"]
[SourceVersion "1"]
[SourceVersionDate "2022.10.05"]
[SourceQuality "1"]

1. d4 c5 2. d5 e5 3. e4 d6 4. Nc3 Be7 5. a4 Bg5 6. Nf3 Bxc1 7. Qxc1 Nf6 8. Bd3 Na6 9. 0-0 0-0 10. Nd2 Nb4 11. Nc4 Ne8 12. f4 exf4 13. Qxf4 a6 14. a5 f5 15. Rf2 Nxd3 16. cxd3 g5 17. Qd2 Ng7 18. Ra3 f4 19. Rb3 Bg4 20. Rxb7 Rf6 21. Rb6 Rb8 22. d4 Rxb6 23. axb6 Rf7 24. dxc5 dxc5 25. Ne5 Bc8 26. Nxf7 Kxf7 27. Na4 Qd6 28. Qc3 1-0

[Event "Hamburg-ch MA"]
[Site "Hamburg"]
[Date "2019.06.12"]
[Round "5"]
[White "Colpe, Malte"]
[Black "Reddmann, Hauke"]
[Result "1-0"]
[WhiteElo "2381"]
[BlackElo "2256"]
[PlyCount "55"]
[EventDate "2019.06.08"]
[EventType "swiss"]
[EventRounds "9"]
[EventCountry "GER"]
[SourceTitle "EXT 2022"]
[Source "ChessBase"]
[SourceDate "2021.10.06"]
[SourceVersion "1"]
[SourceVersionDate "2021.10.06"]
[SourceQuality "1"]

1. d4 Nf6 2. c4 e6 3. Nc3 Bb4 4. f3 c5 5. d5 Bxc3+ 6. bxc3 d6 7. e4 e5 8. Bd3 Qa5 9. Ne2 Bd7 10. Bg5 Ng8 11. Qd2 f6 12. Be3 Qa6 13. a4 b6 14. f4 Ne7 15. fxe5 dxe5 16. 0-0 Bg4 17. a5 Nd7 18. Ng3 h5 19. h3 h4 20. Ne2 Bxe2 21. Qxe2 bxa5 22. Rfb1 0-0 23. Qg4 Rfd8 24. Qxh4 Qd6 25. Rxa5 Rdb8 26. Rba1 Rb3 27. Ra6 Nb6 28. Qf2 1-0

[Event "Hamburg HSK Christmas op 4th"]
[Site "Hamburg"]
[Date "2018.12.28"]
[Round "3"]
[White "Schramm, Fynn"]
[Black "Reddmann, Hauke"]
[Result "0-1"]
[WhiteElo "1913"]
[BlackElo "2256"]
[PlyCount "46"]
[EventDate "2018.12.27"]
[EventType "swiss"]
[EventRounds "7"]
[EventCountry "GER"]
[SourceTitle "CBM 188 Extra"]
[Source "ChessBase"]
[SourceDate "2019.02.26"]
[SourceVersion "1"]
[SourceVersionDate "2019.02.26"]
[SourceQuality "1"]

1. e4 c5 2. Nf3 d6 3. d4 cxd4 4. Nxd4 Nf6 5. Nc3 a6 6. Be2 e5 7. Nb3 Be6 8. Bg5 Nbd7 9. 0-0 Rc8 10. Kh1 Be7 11. f3 0-0 12. Qd2 Ne8 13. Bxe7 Qxe7 14. Rad1 f5 15. Nd5 Qf7 16. c3 Ndf6 17. Nxf6+ Qxf6 18. Qe3 f4 19. Qb6 Qe7 20. Na5 Rc7 21. b3 Rf6 22. Nc4 Rh6 23. a4 Rc5 0-1

[Event "Hamburg-ch Seniors 50+"]
[Site "Hamburg"]
[Date "2018.10.25"]
[Round "3"]
[White "Becker, Thomas3333"]
[Black "Reddmann, Hauke"]
[Result "0-1"]
[WhiteElo "1929"]
[BlackElo "2282"]
[PlyCount "52"]
[EventDate "2018.10.23"]
[EventType "swiss"]
[EventRounds "7"]
[EventCountry "GER"]
[SourceTitle "CBM 190 Extra"]
[Source "ChessBase"]
[SourceDate "2019.07.15"]
[SourceVersion "1"]
[SourceVersionDate "2019.07.15"]
[SourceQuality "1"]

1. e4 c5 2. Nf3 d6 3. d4 cxd4 4. Nxd4 Nf6 5. Nc3 a6 6. Be3 b5 7. Bd3 Bb7 8. a3 Nbd7 9. f3 e6 10. 0-0 Be7 11. Qd2 0-0 12. Rfd1 Rc8 13. Rac1 Ne5 14. Qf2 Qc7 15. Nb3 d5 16. Bb6 Qb8 17. Ba7 Qa8 18. Bc5 Rxc5 19. Nxc5 Neg4 20. fxg4 Nxg4 21. Nxb7 Nxf2 22. Kxf2 Qxb7 23. exd5 Bc5+ 24. Kf1 Qe7 25. Ne4 exd5 26. Nxc5 Qxc5 0-1

[Event "Blankenese op 2nd"]
[Site "Hamburg"]
[Date "2018.09.28"]
[Round "1.1"]
[White "Reddmann, Hauke"]
[Black "Knauer, Frank"]
[Result "1-0"]
[WhiteElo "2275"]
[BlackElo "1816"]
[PlyCount "49"]
[EventDate "2018.09.29"]
[EventType "swiss"]
[EventRounds "7"]
[EventCountry "GER"]
[SourceTitle "EXT 2020"]
[Source "ChessBase"]
[SourceDate "2019.10.17"]
[SourceVersion "1"]
[SourceVersionDate "2019.10.17"]
[SourceQuality "1"]

1. d4 d6 2. e4 Nf6 3. Nc3 g6 4. f4 Bg7 5. Nf3 0-0 6. a4 c5 7. d5 Na6 8. Bc4 Nb4 9. 0-0 Bg4 10. h3 Bxf3 11. Rxf3 Nd7 12. Bf1 Qc8 13. Kh2 b6 14. Bc4 Rb8 15. Qe2 a6 16. Na2 Nxa2 17. Rxa2 a5 18. Raa3 Nf6 19. e5 dxe5 20. fxe5 Qc7 21. d6 exd6 22. exf6 Rfe8 23. Qd1 Re4 24. Bd5 Rd4 25. Rad3 1-0